| 000 | 01150nam a2200325 i 4500 | ||
|---|---|---|---|
| 001 | 70081 | ||
| 003 | Mx-PuUPA | ||
| 005 | 20230612134252.0 | ||
| 008 | 230612s2018 xxua gr 000 0 eng d | ||
| 020 |
_a9780867157628 _qempastado |
||
| 040 |
_aMx-PuUPA _bspa _cMx-PuUPA _dMx-PuUPA _erda |
||
| 041 | 0 | _aeng | |
| 245 | 0 | 0 |
_aCephalometry in orthodontics : _b2D and 3D / _cedited by Katherine Kula, Ahmed Ghoneima |
| 264 | 1 |
_aBatavia, IL : _bQuintessence Publishing, _c2018 |
|
| 300 |
_avi, 202 páginas : _bilustraciones, tablas ; _c29 cm |
||
| 336 |
_2rdacontent _atexto _btxt |
||
| 337 |
_2rdamedia _asin medio _bn |
||
| 338 |
_2rdacarrier _avolumen _bnc |
||
| 650 | 7 |
_2armarc _aCefalometría _xMétodos |
|
| 650 | 7 |
_2armarc _aOrtodoncia _xMétodos |
|
| 650 | 7 |
_2armarc _aTomografía |
|
| 650 | 7 |
_2armarc _aCefalometría _xInstrumentación |
|
| 700 | 1 |
_aKula, Katherine, _eeditor _914288 |
|
| 700 | 1 |
_aGhoneima, Ahmed, _eeditor |
|
| 942 |
_2ddc _cLI _h617.64307572 _iC395 |
||
| 999 |
_c70081 _d70081 |
||